| 000 | 00663nam a2200289Ia 4500 | ||
|---|---|---|---|
| 008 | 190123s9999 xx 000 0 und d | ||
| 020 | _a9780545258371 | ||
| 050 | _bC826 2010 | ||
| 100 | _aCorse, Nicole | ||
| 245 | 0 | _aPet heroes / | |
| 245 | 0 | _cby Nicole Corse. | |
| 260 | _aNew York, New York : | ||
| 260 | _bScholastic, | ||
| 260 | _c2010 | ||
| 300 | _a32 pages : | ||
| 300 | _bcolored illustrations ; | ||
| 300 | _c22cm. | ||
| 440 | _aScholastic reader ; | ||
| 440 | _vlevel 3. | ||
| 500 | _a870L | ||
| 650 | _aAnimal heroes. | ||
| 650 | _aDogs. | ||
| 650 | _aHorse. | ||
| 650 | _aRabbits. | ||
| 700 | _aSeries. | ||
| 700 | _aTitle. | ||
| 999 |
_c361159 _d361159 |
||